| 000 | 02318nam0a2200349 4500 | ||
|---|---|---|---|
| 001 | RU\NLR\BIBL_A\012860296 | ||
| 005 | 20220929100214.0 | ||
| 010 |
_a978-5-6047630-5-6 _9100 |
||
| 021 |
_aRU _bКН-П-22-034917 _9КН-П-22-2998 |
||
| 035 | _a(NLR Aleph) 012860296 | ||
| 035 | _a(RuMoRGB)011092343 | ||
| 090 |
_a12456592 _c12456592 |
||
| 100 | _a20220804d2022 u y0rusy50 ca | ||
| 101 | 0 | _arus | |
| 102 | _aRU | ||
| 105 | _aa z 000ay | ||
| 181 | 0 |
_ab2 _bxb2e |
|
| 181 | 0 |
_ai2 _baxxe |
|
| 182 | 0 | _an | |
| 200 | 1 |
_aСказка о доброй девице Русанушке _fКорабельникова Александра _gрисунки Кристины Колосковой |
|
| 203 |
_aИзображение _aТекст _bвизуальные _cнепосредственные |
||
| 210 |
_aСанкт-петербург _cСИНЭЛ _d2022 |
||
| 215 |
_a22, [1] с. _cцв. ил. _d30 |
||
| 330 | _aПроизведение сказочного характера с элементами русского фольклора, предназначенное для детского чтения. Поучительная история о борьбе добра со злом, которое в итоге было наказано. Русана представляет собой классический русский женский характер, воплощающий идеалы доброты, красоты и чистоты. Василий несет в себе лучшие черты положительного героя русского народного творчества. Ведьма же вызывает только отвращение и негодование. "Делай другим добро - будешь сам без беды" - слова этой пословицы как нельзя больше подходят для характеристики этого произведения | ||
| 686 | 0 | _aШ9(2)60=Р7-2 | |
| 700 | 1 |
_aКорабельникова _bА. В. _gАлександра Викторовна |
|
| 702 | 1 |
_aКолоскова _bК. Г. _gКристина Г. _4040 |
|
| 942 | _cBOOK | ||
| 980 | _aNB | ||